Osobnosť učiteľa (lektora) v cvičnej firme pre absolventov
Skúsenosti autoriek z lektorovania kurzov projektu ESF cvičná firma pre absolventov. Úloha učiteľa v cvičnej firme na základe normatívneho a analytického prístupu. Špecifické postavenie učiteľa v cvičnej firme. Spôsobilosti a schopnosti lektora.
Salvato in:
| Autore principale: | |
|---|---|
| Altri autori: | |
| Natura: | Capitolo di libro |
| Lingua: | slovacco |
| Soggetti: | |
| Tags: |
Nessun Tag, puoi essere il primo ad aggiungerne!!
|
MARC
| LEADER | 00000naa$a2200000$$$4500 | ||
|---|---|---|---|
| 001 | 0068511 | ||
| 005 | 20240502071828.8 | ||
| 041 | 0 | |a slo | |
| 044 | |a SK | ||
| 245 | 1 | 0 | |a Osobnosť učiteľa (lektora) v cvičnej firme pre absolventov |c Alena Horáčková, Ľudmila Velichová |
| 520 | |a Skúsenosti autoriek z lektorovania kurzov projektu ESF cvičná firma pre absolventov. Úloha učiteľa v cvičnej firme na základe normatívneho a analytického prístupu. Špecifické postavenie učiteľa v cvičnej firme. Spôsobilosti a schopnosti lektora. | ||
| 610 | 2 | 0 | |a firmy cvičné |
| 610 | 2 | 0 | |a absolventi |
| 610 | 2 | 0 | |a učitelia |
| 610 | 2 | 0 | |a predmety učebné |
| 100 | 1 | |a Horáčková, Alena | |
| 700 | 1 | |a Velichová, Ľudmila | |